| 000 | 00394nam a2200145 i 4500 | ||
|---|---|---|---|
| 001 | 100614 | ||
| 003 | ES-MaACL | ||
| 007 | t| | ||
| 008 | 050930s1960 sp ||||1| spa d | ||
| 100 | 1 |
_aMasso Bolivar, Enrique. _978835 |
|
| 245 | 1 | 0 |
_aRetrouso a Colón / _cEnrique Masso Bolivar. |
| 260 |
_aVigo : _bMonterrey, _c1960. |
||
| 300 |
_a75 p. ; _c16 cm. |
||
| 852 |
_aES-MaACL _jG-10121 _bR.47789 |
||
| 999 |
_c100614 _d100614 |
||